000 00468cam a22001457a 4500
008 180718b1992 xxu||||| |||| 00| 0 eng d
020 _a0226329089
082 _aK18 H448
100 _aHerzfeld, Michael
245 _aThe social production of indifference: exploring the symbolic roots of Western bureaucracy
_cby Michael Herzfeld
260 _aChicago
_bUniversity of Chicago
_c1992
300 _a207p.
650 _aElite ( Social Sciences )
650 _aBureaucracy
999 _c359918
_d359918